000 00308nam a22001337a 4500
008 170929b xxu||||| |||| 00| 0 eng d
020 _a9780325002828
041 _aeng
080 _a37
100 _a47
101 _aEDU
245 _aSYSTEMS FOR CHANGE IN LITERACY EDUCATION
_cLYONS,C.A
942 _2udc
_cBK
999 _c30826
_d30826